Guess the Country by First letter of Other Countries #3 - Statistics

General Stats
  • This quiz has been taken 13 times
  • The average score is 9 of 11
Answer Stats
Hint Answer % Correct
Also known as Timor-Leste East Timor
100%
only country starting with this letter Oman
100%
At war with Ukraine Russia
100%
imposing tariffs on almost all the countries in the world, with extra high tariffs on China USA
100%
X (just write X as there are no countries starting with X:) ) X
100%
Muammar Gaddafi ruled this country Libya
92%
combine the first letter of each country Luxembourg
92%
boh o wa'er UK
83%
Country with the most people without an olympic medal Bangladesh
67%
Fastest growing economy Guyana
50%
The name of a movie Madagascar
42%
No matching quizzes found
Score Distribution
Percent of People with Each Score
Percentile by Number Answered
Your Score History
You have not taken this quiz